000 00533 a2200205 4500
000 BKB
001 136347
005 20200902153022.0
008
020 _a9780471496830
082 _a530.143
_bM31Q
100 1 _aMandl, Franz
245 1 _aQuantum field theory
_cby Franz Mandl and Graham Shaw
250 _a2nd ed.
260 _aU.K.
_bJohn Wiley and Sons
_c2010
300 _a478p.
630 _aPhysics
690 _aQuantum field theory
700 _aShaw, Graham
_b
_c
999 _c9577
_d9577